Statistiken für 15 meistgenannten Harry Potter Charaktere

Klicken Sie hier um das Quiz zu spielen!

Allgemein

  • Dieses Quiz wurde 6.008 mal gespielt
  • Das Durchschnittsergebnis liegt bei 12 aus 15

Antwortstatistiken

NennungenCharaktere% Korrekt
18956Harry Potter
99%
6464Ronald Weasley
99%
5486Hermine Granger
98%
2421Albus Dumbledore
91%
1956Severus Snape
91%
1797Voldemort
89%
1198Draco Malfoy
82%
2024Rubeus Hagrid
80%
1471Sirius Black
78%
771Ginny Weasley
74%
920Fred Weasley
72%
821George Weasley
70%
810Neville Longbottom
65%
864Remus Lupin
58%
780Arthur Weasley
32%

Verteilung der Resultate

Perzentil nach korrekt beantworteten Fragen

Anzahl Personen mit jedem Resultat

Ihre Resultats-Entwicklung

Sie haben dieses Quiz noch nicht gespielt